| 000 | 00954cab a2200193 4500 | ||
|---|---|---|---|
| 001 | ##L133324 | ||
| 008 | 060502n2006 000 0 eng u | ||
| 035 | _a(Sirsi) u133324 | ||
| 041 | 0 | _aeng | |
| 100 | 1 | _aSommerville, James | |
| 245 | 0 | 0 |
_aDefects in new homes _ban analysis of data on 1 696 new UK houses |
| 260 | _c2006 | ||
| 490 | 0 |
_aStructural Survey _v24(1) 2006, 6-21(16) |
|
| 520 | _aAnalysis of detailed data from nearly 1 700 new homes reveals that snags damage the image of house builders, detract from customer satisfaction and reduce the potential profit on each house, as builders absorb the costs of both snagging which is remedied during the course of construction and on hand-over. In addition, the analysis shows that there is a direct relationship between size of property and the number of snags identified. | ||
| 590 | _aIKA090506 | ||
| 690 | _aBUILT ENVIRONMENT-BUILDING PATHOLOGY | ||
| 700 | 1 | _aMcCosh, Julie | |
| 942 | _n0 | ||
| 999 |
_c76933 _d76933 |
||